[Event "CZE-chT2A 1516"]
[Site "Czech Republic"]
[Date "2015.12.06"]
[Round "4.8"]
[White "Jonas, Vaclav"]
[Black "Lacina, Filip1111"]
[Result "0-1"]
[WhiteElo "1983"]
[BlackElo "1998"]
[PlyCount "34"]
[EventDate "2015.10.18"]
[EventType "team-tourn"]
[EventRounds "11"]
[EventCountry "CZE"]
[SourceTitle "EXT 2022"]
[Source "ChessBase"]
[SourceDate "2021.10.06"]
[SourceVersion "1"]
[SourceVersionDate "2021.10.06"]
[SourceQuality "1"]
[WhiteTeam "Klatovy"]
[BlackTeam "Vysehrad II"]
[WhiteTeamCountry "CZE"]
[BlackTeamCountry "CZE"]

1. e4 c5 2. Nf3 Nc6 3. Nc3 g6 4. Bb5 Nd4 5. Nxd4 cxd4 6. Nd5 Bg7 7. 0-0 e6 8. Nf4 Qg5 9. Nd5 exd5 10. exd5 Ne7 11. d6 Qxb5 12. dxe7 d6 13. d3 Be6 14. Bf4 Kxe7 15. Qd2 Rhe8 16. Rae1 Rac8 17. Bg3 Qd5 0-1

[Event "CZE-chT2A 1112"]
[Site "Czech Republic"]
[Date "2012.04.22"]
[Round "11"]
[White "Jonas, Vaclav"]
[Black "Randa, Miroslav"]
[Result "1-0"]
[WhiteElo "1963"]
[BlackElo "2072"]
[PlyCount "49"]
[EventDate "2011.10.09"]
[EventType "team-tourn"]
[EventRounds "11"]
[EventCountry "CZE"]
[SourceTitle "EXT 2013"]
[Source "ChessBase"]
[SourceDate "2012.11.22"]
[SourceVersion "1"]
[SourceVersionDate "2012.11.22"]
[SourceQuality "1"]
[WhiteTeam "Klatovy"]
[BlackTeam "Line"]
[WhiteTeamCountry "CZE"]
[BlackTeamCountry "CZE"]

1. e4 g6 2. d4 c6 3. Nc3 d5 4. Nf3 Bg4 5. h3 dxe4 6. hxg4 exf3 7. Qxf3 Qxd4 8. Be3 Qf6 9. Qh3 Nd7 10. 0-0-0 0-0-0 11. Be2 e6 12. Bd4 Qg5+ 13. Kb1 Ngf6 14. Bxa7 b6 15. Ba6+ Kc7 16. Qg3+ e5 17. Qf3 Nc5 18. Rxd8 Nxa6 19. Rhd1 Kb7 20. Nb5 e4 21. Qb3 Qxb5 22. Qxf7+ Nc7 23. Rb8+ Ka6 24. Rxb6+ Qxb6 25. Bxb6 1-0

[Event "CZE-chT2A 1112"]
[Site "Czech Republic"]
[Date "2011.12.04"]
[Round "4"]
[White "Ptak, Pavel"]
[Black "Jonas, Vaclav"]
[Result "1-0"]
[WhiteElo "2180"]
[BlackElo "1963"]
[PlyCount "95"]
[EventDate "2011.10.09"]
[EventType "team-tourn"]
[EventRounds "11"]
[EventCountry "CZE"]
[SourceTitle "EXT 2013"]
[Source "ChessBase"]
[SourceDate "2012.11.22"]
[SourceVersion "1"]
[SourceVersionDate "2012.11.22"]
[SourceQuality "1"]
[WhiteTeam "Pisek"]
[BlackTeam "Klatovy"]
[WhiteTeamCountry "CZE"]
[BlackTeamCountry "CZE"]

1. d4 Nf6 2. g3 g6 3. Bg2 Bg7 4. e4 d6 5. Ne2 0-0 6. Nbc3 e5 7. h3 Nc6 8. Be3 exd4 9. Nxd4 Bd7 10. 0-0 Re8 11. Re1 Nxd4 12. Bxd4 Bc6 13. Qd2 Qd7 14. Rad1 Rad8 15. g4 a6 16. Qf4 Qe6 17. Re3 Nd7 18. Nd5 Bxd4 19. Rxd4 Bxd5 20. exd5 Qf6 21. Qxf6 Nxf6 22. Rc3 Re1+ 23. Kh2 Rd7 24. Rdc4 Ne8 25. Rb4 b6 26. Re4 Re7 27. Rxe7 Rxe7 28. h4 Kg7 29. Kg3 Kf6 30. g5+ Kg7 31. Bf1 a5 32. Bb5 Kf8 33. Bxe8 Kxe8 34. Kf4 Kd7 35. Re3 Rxe3 36. Kxe3 Ke7 37. Ke4 Kd7 38. Kd4 Kd8 39. Kc4 Kc8 40. Kb5 Kb7 41. c3 Kb8 42. Kc6 Kc8 43. a4 Kd8 44. b4 axb4 45. cxb4 Kc8 46. a5 bxa5 47. bxa5 Kb8 48. a6 1-0

[Event "Ricany op-A"]
[Site "Ricany"]
[Date "2011.08.26"]
[Round "8"]
[White "Hajek, Jiri2222"]
[Black "Jonas, Vaclav"]
[Result "1-0"]
[WhiteElo "1847"]
[BlackElo "1963"]
[PlyCount "59"]
[EventDate "2011.08.20"]
[EventType "swiss"]
[EventRounds "9"]
[EventCountry "CZE"]
[SourceTitle "CBM 144 Extra"]
[Source "ChessBase"]
[SourceDate "2011.10.28"]
[SourceVersion "1"]
[SourceVersionDate "2011.10.28"]
[SourceQuality "1"]

1. e4 c5 2. Nf3 Nc6 3. Bb5 g6 4. c3 Bg7 5. d4 cxd4 6. cxd4 Nf6 7. Nc3 d5 8. e5 Ne4 9. Qa4 Nxc3 10. Bxc6+ bxc6 11. Qxc6+ Bd7 12. Qxc3 Bb5 13. a4 Rc8 14. Qe3 Qa5+ 15. Bd2 Qa6 16. b3 0-0 17. Rc1 Rxc1+ 18. Bxc1 Bd3 19. Kd2 Bf1 20. Ne1 Bh6 21. f4 f6 22. g3 fxe5 23. Qxe5 Bg7 24. Qxd5+ e6 25. Qf3 Bh3 26. g4 Qd6 27. Qxh3 Qxd4+ 28. Nd3 Rxf4 29. Qe3 Qf6 30. Qxf4 1-0

[Event "CZE-chT2A 0809"]
[Site "Czech Republic"]
[Date "2009.02.08"]
[Round "8.7"]
[White "Jonas, Vaclav"]
[Black "Koubek, Vaclav1111"]
[Result "1-0"]
[WhiteElo "1989"]
[BlackElo "2084"]
[PlyCount "53"]
[EventDate "2008.10.12"]
[EventType "team-tourn"]
[EventRounds "11"]
[EventCountry "CZE"]
[SourceTitle "EXT 2010"]
[Source "ChessBase"]
[SourceDate "2010.11.25"]
[SourceVersion "1"]
[SourceVersionDate "2010.11.25"]
[SourceQuality "1"]
[WhiteTeam "Klatovy Sokol "]
[BlackTeam "Zizkov"]
[WhiteTeamCountry "CZE"]
[BlackTeamCountry "CZE"]

1. e4 e5 2. Nf3 Nc6 3. Bb5 a6 4. Ba4 d6 5. 0-0 Nf6 6. Re1 b5 7. Bb3 Na5 8. d4 exd4 9. e5 dxe5 10. Nxe5 Be6 11. Nxf7 Kxf7 12. Bxe6+ Ke8 13. Bd5+ Be7 14. Bxa8 Qxa8 15. Qxd4 Kf7 16. Rxe7+ Kxe7 17. Qb4+ c5 18. Qxa5 Rd8 19. Qe1+ Kf7 20. Be3 Qe4 21. Qe2 Qe5 22. Nc3 b4 23. Qc4+ Kg6 24. Ne2 h6 25. Nf4+ Kh7 26. Nd3 Qh5 27. Qxc5 1-0

[Event "CZE-chT2A 0809"]
[Site "Czech Republic"]
[Date "2009.01.11"]
[Round "6.6"]
[White "Hosticka, Frantisek"]
[Black "Jonas, Vaclav"]
[Result "1-0"]
[WhiteElo "2178"]
[BlackElo "1989"]
[PlyCount "107"]
[EventDate "2008.10.12"]
[EventType "team-tourn"]
[EventRounds "11"]
[EventCountry "CZE"]
[SourceTitle "EXT 2010"]
[Source "ChessBase"]
[SourceDate "2010.11.25"]
[SourceVersion "1"]
[SourceVersionDate "2010.11.25"]
[SourceQuality "1"]
[WhiteTeam "Ceske Budejovice"]
[BlackTeam "Klatovy Sokol "]
[WhiteTeamCountry "CZE"]
[BlackTeamCountry "CZE"]

1. e4 e5 2. Bb5 c6 3. Ba4 Nf6 4. Qe2 Bc5 5. Nf3 d5 6. exd5 0-0 7. dxc6 Nxc6 8. Bxc6 bxc6 9. Qc4 Qb6 10. Qh4 e4 11. Ng5 Ba6 12. Nc3 Bd4 13. a4 Rfe8 14. Nd1 Qc5 15. Ne3 Bxe3 16. fxe3 Qc4 17. d3 Qxc2 18. 0-0 Bxd3 19. Rxf6 Qd1+ 20. Kf2 Qf1+ 21. Kg3 Qxf6 22. Qxh7+ Kf8 23. h4 Qh6 24. Qf5 Qd6+ 25. Kf2 Qg6 26. Qc5+ Kg8 27. Bd2 Qf6+ 28. Kg1 Re5 29. Qb4 Rd5 30. Bc3 Qg6 31. Qb7 Rad8 32. Qxa7 Bc4 33. Bd4 Qf5 34. b3 Be2 35. Rc1 c5 36. Rxc5 Rxc5 37. Qxc5 Qxc5 38. Bxc5 Bd1 39. b4 Bxa4 40. Nxe4 Bc6 41. Nd6 Rd7 42. Kf2 Kh7 43. g4 Kg6 44. Kg3 Rd8 45. h5+ Kf6 46. Nf5 Rd2 47. Bd4+ Kg5 48. e4 Rxd4 49. Nxd4 Bxe4 50. Nf3+ Kf6 51. Kf4 Bb7 52. Nd4 Ke7 53. Nf5+ Kf6 54. g5+ 1-0

[Event "CZE-chT2A 0809"]
[Site "Czech Republic"]
[Date "2008.12.21"]
[Round "5.7"]
[White "Trepka, Jan"]
[Black "Jonas, Vaclav"]
[Result "1-0"]
[WhiteElo "2154"]
[BlackElo "1989"]
[PlyCount "61"]
[EventDate "2008.10.12"]
[EventType "team-tourn"]
[EventRounds "11"]
[EventCountry "CZE"]
[SourceTitle "EXT 2010"]
[Source "ChessBase"]
[SourceDate "2010.11.25"]
[SourceVersion "1"]
[SourceVersionDate "2010.11.25"]
[SourceQuality "1"]
[WhiteTeam "Tabor Sokol"]
[BlackTeam "Klatovy Sokol "]
[WhiteTeamCountry "CZE"]
[BlackTeamCountry "CZE"]

1. d4 Nf6 2. c4 g6 3. Nc3 Bg7 4. e4 d6 5. f4 0-0 6. Nf3 c5 7. dxc5 Qa5 8. Bd3 Qxc5 9. Qe2 Nc6 10. Be3 Qa5 11. 0-0 Ng4 12. Rac1 Nxe3 13. Qxe3 Bg4 14. Kh1 Bxf3 15. Rxf3 Bxc3 16. bxc3 Qc5 17. Qd2 f6 18. Rb1 Na5 19. f5 g5 20. h4 h6 21. Rh3 Kg7 22. Qe2 Qc6 23. c5 a6 24. Rb6 Qxc5 25. Qh5 Rh8 26. hxg5 fxg5 27. Qg6+ Kf8 28. f6 Rg8 29. fxe7+ Kxe7 30. Qh7+ Ke6 31. Rxh6+ 1-0

[Event "CZE-chT2A 0809"]
[Site "Czech Republic"]
[Date "2008.11.09"]
[Round "2.7"]
[White "Jonas, Vaclav"]
[Black "Janda, Jiri"]
[Result "0-1"]
[WhiteElo "1989"]
[BlackElo "2170"]
[PlyCount "38"]
[EventDate "2008.10.12"]
[EventType "team-tourn"]
[EventRounds "11"]
[EventCountry "CZE"]
[SourceTitle "EXT 2010"]
[Source "ChessBase"]
[SourceDate "2010.11.25"]
[SourceVersion "1"]
[SourceVersionDate "2010.11.25"]
[SourceQuality "1"]
[WhiteTeam "Klatovy Sokol "]
[BlackTeam "Kobylisy"]
[WhiteTeamCountry "CZE"]
[BlackTeamCountry "CZE"]

1. e4 c5 2. c3 d6 3. Nf3 Nf6 4. Be2 e6 5. 0-0 Be7 6. Bb5+ Bd7 7. Bxd7+ Qxd7 8. Re1 Nc6 9. d4 d5 10. exd5 Qxd5 11. Be3 Rd8 12. Nbd2 0-0 13. dxc5 Ng4 14. Bd4 e5 15. c4 Qe6 16. h3 Nxd4 17. hxg4 Nxf3+ 18. gxf3 Bg5 19. Re2 Qh6 0-1

[Event "Tabor op"]
[Site "Tabor"]
[Date "2008.07.31"]
[Round "6"]
[White "Lomsky, Radek"]
[Black "Jonas, Vaclav"]
[Result "1/2-1/2"]
[WhiteElo "1722"]
[BlackElo "1989"]
[PlyCount "55"]
[EventDate "2008.07.26"]
[EventType "swiss"]
[EventRounds "9"]
[EventCountry "CZE"]
[SourceTitle "CBM 125 Extra"]
[Source "ChessBase"]
[SourceDate "2008.09.01"]
[SourceVersion "1"]
[SourceVersionDate "2008.09.01"]
[SourceQuality "1"]

1. e4 c5 2. Nf3 Nc6 3. Bb5 g6 4. c3 Bg7 5. 0-0 a6 6. Bxc6 dxc6 7. d3 e5 8. Be3 Qe7 9. Na3 Be6 10. Nc2 0-0-0 11. Qe2 f5 12. Bg5 Bf6 13. Bxf6 Qxf6 14. b4 cxb4 15. cxb4 f4 16. Rfd1 Bg4 17. a4 Ne7 18. Rac1 h5 19. b5 axb5 20. axb5 g5 21. bxc6 Nxc6 22. Nb4 Kb8 23. Nxc6+ bxc6 24. d4 Bxf3 25. gxf3 Rxd4 26. Qa6 Rxd1+ 27. Rxd1 Rd8 28. Qb6+ 1/2-1/2

[Event "Tabor op"]
[Site "Tabor"]
[Date "2008.07.28"]
[Round "2"]
[White "Kuciel, Wladyslaw"]
[Black "Jonas, Vaclav"]
[Result "1-0"]
[WhiteElo "2129"]
[BlackElo "1989"]
[PlyCount "39"]
[EventDate "2008.07.26"]
[EventType "swiss"]
[EventRounds "9"]
[EventCountry "CZE"]
[SourceTitle "CBM 125 Extra"]
[Source "ChessBase"]
[SourceDate "2008.09.01"]
[SourceVersion "1"]
[SourceVersionDate "2008.09.01"]
[SourceQuality "1"]

1. Nf3 Nf6 2. c4 g6 3. Nc3 Bg7 4. e4 d6 5. d4 0-0 6. Be2 e5 7. Be3 Nc6 8. d5 Ne7 9. Nd2 Nd7 10. 0-0 f5 11. f3 f4 12. Bf2 g5 13. b4 Nf6 14. c5 h5 15. Nc4 a6 16. h3 Kf7 17. cxd6 cxd6 18. Bb6 Qd7 19. Bc5 dxc5 20. Nxe5+ 1-0

[Event "CZE-ch U18 Girls/sf U18"]
[Site "Czech Republic"]
[Date "2008.??.??"]
[Round "3"]
[White "Korschner, Miroslav"]
[Black "Jonas, Vaclav"]
[Result "1-0"]
[WhiteElo "2089"]
[BlackElo "1987"]
[PlyCount "91"]
[EventDate "2008.??.??"]
[EventType "swiss"]
[EventRounds "9"]
[EventCountry "CZE"]
[SourceTitle "EXT 2011"]
[Source "ChessBase"]
[SourceDate "2010.11.26"]
[SourceVersion "1"]
[SourceVersionDate "2010.11.26"]
[SourceQuality "1"]

1. d4 Nf6 2. Nf3 g6 3. c4 Bg7 4. Nc3 0-0 5. e4 d6 6. Be2 e5 7. dxe5 dxe5 8. Qxd8 Rxd8 9. Bg5 Rf8 10. 0-0 Nbd7 11. b4 c6 12. Rfd1 Re8 13. c5 Nf8 14. Nd2 Be6 15. Nc4 Bxc4 16. Bxc4 Ne6 17. Bxe6 Rxe6 18. f3 Kf8 19. Na4 h6 20. Bxf6 Bxf6 21. Rd7 Re7 22. Rd6 Bg5 23. Kf2 Ree8 24. Rad1 Red8 25. Nb2 Rxd6 26. cxd6 Rd8 27. Nc4 Bf6 28. g3 Bg7 29. f4 f6 30. Na5 Kf7 31. Nxb7 Rd7 32. Na5 Bf8 33. fxe5 fxe5 34. Nxc6 Ke6 35. b5 Bxd6 36. Rd5 Bc7 37. Rxd7 Kxd7 38. Kf3 a6 39. a4 axb5 40. axb5 Kd6 41. Kg4 Kc5 42. h4 Kxb5 43. Ne7 h5+ 44. Kf3 g5 45. hxg5 Bd8 46. g6 1-0

[Event "Klatovy op-A"]
[Site "Klatovy"]
[Date "2007.07.08"]
[Round "9"]
[White "Folkova, Martina"]
[Black "Jonas, Vaclav"]
[Result "1-0"]
[WhiteElo "2195"]
[BlackElo "1987"]
[PlyCount "71"]
[EventDate "2007.06.30"]
[EventType "swiss"]
[EventRounds "9"]
[EventCountry "CZE"]
[SourceTitle "CBM 119 Extra"]
[Source "ChessBase"]
[SourceDate "2007.09.04"]
[SourceVersion "1"]
[SourceVersionDate "2007.09.04"]
[SourceQuality "1"]

1. e4 e5 2. Nf3 Nc6 3. Bb5 f5 4. Nc3 fxe4 5. Nxe4 Nf6 6. Qe2 d5 7. Nxf6+ gxf6 8. d4 Bg7 9. dxe5 0-0 10. Bxc6 bxc6 11. e6 Re8 12. 0-0 Bxe6 13. Qd3 c5 14. c3 Qd7 15. Be3 Rab8 16. b3 Bf8 17. Nh4 Kh8 18. f4 Qg7 19. f5 Bf7 20. Bf4 Bd6 21. Bxd6 cxd6 22. Rae1 Qg4 23. g3 Rxe1 24. Rxe1 Re8 25. Rxe8+ Bxe8 26. Qxd5 Qe2 27. Qe6 Qd1+ 28. Kf2 Qd2+ 29. Qe2 Qxe2+ 30. Kxe2 Kg7 31. b4 Bd7 32. Ke3 Kf7 33. a3 Ke7 34. g4 Kd8 35. Ng2 Kc7 36. Nf4 1-0

[Event "Klatovy op-A"]
[Site "Klatovy"]
[Date "2007.07.07"]
[Round "8"]
[White "Jonas, Vaclav"]
[Black "Petrova, Kristyna"]
[Result "0-1"]
[WhiteElo "1987"]
[BlackElo "2100"]
[PlyCount "48"]
[EventDate "2007.06.30"]
[EventType "swiss"]
[EventRounds "9"]
[EventCountry "CZE"]
[SourceTitle "CBM 119 Extra"]
[Source "ChessBase"]
[SourceDate "2007.09.04"]
[SourceVersion "1"]
[SourceVersionDate "2007.09.04"]
[SourceQuality "1"]

1. e4 c5 2. Nf3 Nc6 3. d4 cxd4 4. Nxd4 g6 5. Be2 Bg7 6. Nb3 Nf6 7. Nc3 0-0 8. 0-0 d6 9. Bg5 h6 10. Bh4 a6 11. a4 Be6 12. Nd4 Nxd4 13. Qxd4 Nd5 14. Qd2 Nxc3 15. bxc3 Rc8 16. Rab1 Qd7 17. c4 g5 18. Bg3 Bxc4 19. Bxc4 Rxc4 20. Qd5 Qxa4 21. Rxb7 Rxe4 22. c4 Rd4 23. Qf3 e5 24. h3 Qxc4 0-1

[Event "Klatovy op-A"]
[Site "Klatovy"]
[Date "2007.07.04"]
[Round "5"]
[White "Cmiko, Jakub"]
[Black "Jonas, Vaclav"]
[Result "1/2-1/2"]
[WhiteElo "2100"]
[BlackElo "1987"]
[PlyCount "123"]
[EventDate "2007.06.30"]
[EventType "swiss"]
[EventRounds "9"]
[EventCountry "CZE"]
[SourceTitle "CBM 119 Extra"]
[Source "ChessBase"]
[SourceDate "2007.09.04"]
[SourceVersion "1"]
[SourceVersionDate "2007.09.04"]
[SourceQuality "1"]

1. Nf3 Nf6 2. d4 g6 3. g3 Bg7 4. Bg2 0-0 5. 0-0 d6 6. c4 Nbd7 7. Nc3 e5 8. e3 c6 9. b3 Qc7 10. Bb2 Nb6 11. Rc1 Bf5 12. h3 Rad8 13. Qe2 Rfe8 14. Rfd1 Rd7 15. g4 Be4 16. g5 exd4 17. gxf6 dxc3 18. Bxc3 Bh8 19. Nh4 Bxg2 20. Kxg2 Qd8 21. Qg4 Bxf6 22. Bxf6 Qxf6 23. Rd4 Rde7 24. Rcd1 d5 25. Rf4 Qg7 26. Kh2 Re4 27. Rd4 Rxd4 28. Rxd4 h5 29. Qg3 Qe5 30. Rf4 Re6 31. Nf5 Kh7 32. Nd4 Rf6 33. Rxf6 Qxf6 34. c5 Nd7 35. b4 Qe5 36. Qxe5 Nxe5 37. Kg3 Nd3 38. b5 cxb5 39. Nxb5 a6 40. Nc3 Nxc5 41. Nxd5 Kg7 42. f4 f5 43. Kf3 Kf7 44. Ke2 h4 45. Nb6 Ke6 46. Nc4 Ne4 47. Ne5 Kf6 48. a3 b5 49. Nf3 Nc3+ 50. Kd3 Nb1 51. a4 bxa4 52. Kc4 a3 53. Kb3 a2 54. Kxa2 Nc3+ 55. Kb3 Nd1 56. Nxh4 Nxe3 57. Ka4 Nd5 58. Ng2 g5 59. fxg5+ Kxg5 60. Ka5 Nc7 61. h4+ Kg4 62. Ne3+ 1/2-1/2

[Event "Klatovy op-A"]
[Site "Klatovy"]
[Date "2007.07.01"]
[Round "2"]
[White "Kubikova, Alena"]
[Black "Jonas, Vaclav"]
[Result "1-0"]
[WhiteElo "2155"]
[BlackElo "1987"]
[PlyCount "37"]
[EventDate "2007.06.30"]
[EventType "swiss"]
[EventRounds "9"]
[EventCountry "CZE"]
[SourceTitle "CBM 119 Extra"]
[Source "ChessBase"]
[SourceDate "2007.09.04"]
[SourceVersion "1"]
[SourceVersionDate "2007.09.04"]
[SourceQuality "1"]

1. d4 Nf6 2. c4 g6 3. Nc3 Bg7 4. e4 d6 5. f3 0-0 6. Be3 e5 7. d5 Nh5 8. g4 Nf4 9. Qd2 f5 10. gxf5 gxf5 11. 0-0-0 fxe4 12. Nxe4 Kh8 13. Ne2 Ng6 14. Bg5 Qe8 15. h4 b5 16. N4g3 h5 17. Nxh5 bxc4 18. Nxg7 Kxg7 19. Bh6+ 1-0